书目信息 |
| 题名: |
书法篆刻
|
|
| 作者: | 沈浩 著 | |
| 分册: | ||
| 出版信息: | 南昌 江西少年儿童出版社 1997.10 |
|
| 页数: | 99页 | |
| 开本: | 26cm | |
| 丛书名: | 中国水墨画初级教材 | |
| 单 册: | ||
| 中图分类: | J212.1 | |
| 科图分类: | ||
| 主题词: | 绘画--技法(美术) | |
| 电子资源: | ||
| ISBN: | 7-5391-1237-9 | |
| 000 | 00705nam0 2200229 45 | |
| 001 | 0009220915 | |
| 005 | 20040517100750.8 | |
| 010 | @a7-5391-1237-9@dCNY22.00 | |
| 100 | @a20000922d1997 km y0chiy0120 ea | |
| 101 | 0 | @achi |
| 105 | @a z 000yy | |
| 200 | 1 | @a书法篆刻@AShu Fa Zhuan Ke@f沈浩著@FShen Hao Zhu |
| 210 | @a南昌@c江西少年儿童出版社@d1997.10 | |
| 215 | @a99页@d26cm | |
| 225 | @a中国水墨画初级教材@v2@f任道斌,关乃平主编 | |
| 410 | @12001 @a中国水墨画初级教材 | |
| 410 | @1700 0@a关乃平@AGuan Nai Ping@4主编@a任道斌@ARen Dao Bin@4主编 | |
| 606 | 0 | @a绘画@x技法(美术) |
| 690 | @aJ212.1@v1 | |
| 701 | 0 | @a沈浩@4著 |
| 801 | @aCN@bTSTC@c20000922 | |
| 905 | @dJ212.1@e158:2@f3@b290726-728 | |
| 书法篆刻/沈浩著.-南昌:江西少年儿童出版社,1997.10 |
| 99页;26cm.-(中国水墨画初级教材;2/任道斌,关乃平主编) |
| ISBN 7-5391-1237-9:CNY22.00 |
| ● |
| 相关链接 |
|
|
|
|
正题名:书法篆刻
索取号:J212.1/158:2
 
预约/预借
| 序号 | 登录号 | 条形码 | 馆藏地/架位号 | 状态 | 备注 |
| 1 | 0290726 | 002907260 | 第一借阅区/ [索取号:J212.1/158:2] | 在馆 | |
| 2 | 0290727 | 002907279 | 第一借阅区/ [索取号:J212.1/158:2] | 在馆 | |
| 3 | 0290728 | 002907288 | 第一样本阅览室/ [索取号:J212.1/158:2] | 在馆 |